| 000 | 00668nam a22001937a 4500 | ||
|---|---|---|---|
| 999 |
_c19828 _d19828 |
||
| 003 | AR-CdUCM | ||
| 008 | 190522b ||||| |||| 00| 0 spa d | ||
| 040 |
_aMUNICIPALIDAD PROVINCIAL DEL CUSCO _cBIBLIOTECA MUNICIPAL DEL CUSCO |
||
| 082 |
_a986.72 / _bC33 |
||
| 100 |
_aCavero Egusquiza s., Ricardo _941460 |
||
| 245 | _aLa Amazonia Peruana / | ||
| 260 |
_aPerú : _bTorres Aguirre _c1941. |
||
| 300 |
_a143 Páginas ; _c21 cm. |
||
| 505 | _aContenido: El rió amazonas -- referencias sobre la flora -- Aborígenes -- Moyobamba -- La región de Maynas ... | ||
| 650 |
_aAmazonas _97356 |
||
| 650 |
_aAmazonia peruana _97545 |
||
| 942 |
_2ddc _cLIBROS |
||
| 945 | _aAndy | ||